Statistics for Cities of the World Based On Image

Click here to take the quiz!

General Stats

  • This quiz has been taken 42 times
  • The average score is 6 of 12

Answer Stats

HintAnswer% Correct
Liverpool
77%
Baghdad
67%
Kathmandu
67%
Springfield
67%
Budapest
64%
Helsinki
64%
Amsterdam
59%
Cologne
36%
Bucharest
31%
Bath
28%
Dakar
28%
Moscow
21%

Score Distribution

Percentile by Number Answered

Percent of People with Each Score

Your Score History

You have not taken this quiz